Rodinný dom s polyfunkciou

Enregistré dans:
Détails bibliographiques
Auteur principal: Polák, Matúš, 1989- (Auteur)
Autres auteurs: Kuráň, Jozef, 1979- (Directeur de thèse)
Format: Manuscrit Livre
Langue:slovaque
Publié: Bratislava : STU v Bratislave SvF, 2013
Sujets:
Accès en ligne:VAIS
https://opac.crzp.sk/?fn=detailBiblioForm&sid=9359D1AC2B33EC8F6685F0DC0F9A
Tags: Ajouter un tag
Pas de tags, Soyez le premier à ajouter un tag!

MARC

LEADER 00000ntm a22000003a 4500
001 stu272054
005 20231108145051.1
008 130720s2013----xo------------------slo-d
040 |a STU  |b slo 
041 0 |a slo 
044 |a xo 
100 1 |a Polák, Matúš,  |d 1989-  |4 aut  |u V  |T SvF Stavebná fakulta  |X 59132  |U V  |Y 10  |7 A000059132 
242 0 0 |a Polyfunctional family house  |y eng 
245 1 |a Rodinný dom s polyfunkciou 
260 |a Bratislava :  |b STU v Bratislave SvF,  |c 2013 
650 7 |a polyfunkcia  |2 stusub 
650 7 |a rodinný dom  |2 stusub 
700 1 |a Kuráň, Jozef,  |d 1979-  |4 ths  |u V181  |U SvF Stavebná fakulta  |T SvF Katedra architektúry  |X 710  |U V181|V310  |Y 19  |7 A000000710 
856 4 |a info a plný text  |u http://is.stuba.sk/zp/portal_zp.pl?podrobnosti=60622  |3 VAIS 
856 4 |a CRZP  |u https://opac.crzp.sk/?fn=detailBiblioForm&sid=9359D1AC2B33EC8F6685F0DC0F9A